000 00547cam a2200169 a 4500
020 _a0130792292
082 0 0 _a624.1/76
_bsun
_cL-38, P-166
100 1 _aSun, C. T.
_942941
245 1 0 _aVibration damping of structural elements /
_cC.T. Sun, Y.P. Lu.
260 _aEnglewood Cliffs, N.J. :
_bPrentice Hall PTR,
_cc1995.
300 _axi, 372 p. :
_bill. ;
_c24 cm.
526 _a0
_b0
_c0
_d624_176000000000000_SUN
650 0 _aDamping (Mechanics)
_924642
650 0 _aStructural dynamics.
_910008
700 1 _aLu, Y. P.
_942942
942 _2ddc
_cBK
999 _c546746
_d546746